00423nam a2200145Ia 45000010005000000080041000050200022000460820025000681000050000932450065001432600020002085900007002289010027002359990015002624181241024s9999 xx 000 0 und d a978-6645-9022-2-8 aRD/371.07/OE28j/2016 aOEI Organización de Estados Iberoamericanos 0aJornada extendida. Aportes para la reflexión y la acción bEd. Egrafc2016 asi a18/8/2016 2:45:52 p.m. c8911d8911